000 00705nam a2200217 i 4500
001 28695
003 ES-MaACL
005 20230906153919.0
007 t|
008 030120s1985 sp ||||1| spa d
100 1 _aBaker, Geoffrey H.
_924775
245 1 3 _aLe Corbusier
_b: análisis de la forma /
_cGeoffrey H. Baker ; versión castellana de Santiago Castán.
260 _aBarcelona, etc. :
_bGustavo Gili,
_c[1985]
300 _aXVI, 277 p. :
_bil. ;
_c24 cm.
490 1 _aArquitectura. Perspectivas
600 0 4 _aLe Corbusier.
_970860
700 1 _aCastán, Santiago.
_936387
830 0 _aArquitectura. Perspectivas
_9181487
852 _aES-MaACL
_jL-9808
_bR.111638
999 _c28695
_d28695